01098nam a2200277Ia 4500001001100000003000800011006001900019007001500038008004100053040002100094035002100115050002500136100001500161245009700176260004600273300000900319533015200328650003300480650002200513655002900535700004400564700005500608710001700663856012500680999001500805ebr5000537CaPaEBRm u cr cn|||||||||010511s2001 vau s 000 0 eng d aCaPaEBRcCaPaEBR a(OCoLC)45059093714aB491.M37bS67 2001eb0 aAristotle.10aOn memory and reminiscenceh[electronic resource] /cby Aristotle; translated by J.I. Beare. a[Blacksburg, VA] :bVirginia Tech,c2001. a9 p. aElectronic reproduction.bPalo Alto, Calif. :cebrary,d2010.nAvailable via World Wide Web.nAccess may be limited to ebrary affiliated libraries. 0aMemoryvEarly works to 1800. 0aGreek literature. 7aElectronic books.2local1 aBeare, John I.q(John Isaac),dd. 1918.02aAristotle.tDe memoria et reminiscentia.lEnglish.2 aebrary, Inc.40uhttp://site.ebrary.com/lib/rucke/Doc?id=5000537zAn electronic book accessible through the World Wide Web; click to view c2867d2867